Missions of Love 5 /

Mami invites everyone to the amusement park for fun, thrills, and intrigue. She has devised a plan to make Shigure stay away from Yukina permanently, and it involves a carefully orchestrated ride on the Ferris wheel. They say that any couple who kisses on the ride will be together forever...

Bibliographic Details
Corporate Author: Library Pass, LLC
Other Authors: Toyama, Ema (writer.)
Format: eBook
Language:English
Published: [United States] : Kodansha, 2021.
Subjects:
Online Access:Connect to this electronic book (First time users create your free account)

MARC

Tag First Indicator Second Indicator Subfields
LEADER 00000nmm a22000001a 4500
001 in00004619921
006 m|||||o||m||||||||
007 cr|cn |||uuuuu
008 221118s2021 xxu||||eo|||| ||||||eng d
005 20221207215827.5
035 |a (TxWaIVM)IV83509KoMi 
040 |a TxWaIVM  |c TxWaIVM 
245 0 0 |a Missions of Love 5 /  |c powered by Library Pass. 
260 3 |a [United States] :  |b Kodansha,  |c 2021. 
300 |a 1 online resource. 
336 |a text  |b txt  |2 rdacontent 
337 |a computer  |b c  |2 rdamedia 
338 |a online resource  |b cr  |2 rdacarrier 
520 |a Mami invites everyone to the amusement park for fun, thrills, and intrigue. She has devised a plan to make Shigure stay away from Yukina permanently, and it involves a carefully orchestrated ride on the Ferris wheel. They say that any couple who kisses on the ride will be together forever... 
521 |a 4 
538 |a Requires a valid library card and registration for new users. 
538 |a Mode of access: World Wide Web. 
538 |a System requirements: Flash 10.1 or higher, Windows XP and higher, Internet Explorer 7 and higher, Firefox 3.6 and higher, Google Chrome; Max OS 10.5 and higher, Safari 4 and higher. 
650 0 |a Biographical comic books, strips, etc. 
655 7 |a Electronic books.  |2 local 
655 7 |a Biographical comic books, strips, etc.  |2 gsafd 
650 0 |a Comic books, strips, etc. --Women 
655 7 |a Comic books, strips, etc. --Women  |2 gsafd 
650 0 |a Literary 
655 7 |a Literary  |2 gsafd 
650 0 |a Comic books, strips, etc. 
655 7 |a Comic books, strips, etc.  |2 gsafd 
650 0 |a Romance comic books, strips, etc. 
655 7 |a Romance comic books, strips, etc.  |2 gsafd 
650 0 |a Comic books, strips, etc. --Students 
655 7 |a Comic books, strips, etc. --Students  |2 gsafd 
650 0 |a Shoujo 
655 7 |a Shoujo  |2 gsafd 
650 0 |a Comic books, strips, etc. 
655 7 |a Comic books, strips, etc.  |2 gsafd 
700 1 |a Toyama, Ema.  |e writer. 
700 1 |a Toyama, Ema.  |e artist. 
710 2 |a Library Pass, LLC. 
856 4 0 |u http://proxy.library.tamu.edu/login?url=https://tamu.librarypass.com/product/com.iversecomics.kodansha.missions.of.love.5.english.08272021  |z Connect to this electronic book (First time users create your free account)  |t 0 
955 |a Comics Plus. 
999 f f |s 114e3abc-cecf-49f0-a031-cd59257337f1  |i 7cf74d09-52a8-4ada-80a8-5ca09ed87dee  |t 0 
952 f f |a Texas A&M University  |b College Station  |c Electronic Resources  |d Available Online  |t 0  |h Library of Congress classification 
998 f f |t 0  |l Available Online